Jeremy draws a monster / (Record no. 8260)

MARC details
000 -LEADER
fixed length control field 00916nam a22002897a 4500
001 - CONTROL NUMBER
control field 8260
003 - CONTROL NUMBER IDENTIFIER
control field FISKH
005 - DATE AND TIME OF LATEST TRANSACTION
control field 20250905110232.0
008 - FIXED-LENGTH DATA ELEMENTS--GENERAL INFORMATION
fixed length control field 250905b cb ||||| |||| 00| 0 eng d
020 ## - INTERNATIONAL STANDARD BOOK NUMBER
International Standard Book Number 9780545292481
040 ## - CATALOGING SOURCE
Original cataloging agency FISKH
Language of cataloging eng
Transcribing agency FISKH
Modifying agency FISKH
050 ## - LIBRARY OF CONGRESS CALL NUMBER
Classification number PZ7.M47841327 J
082 ## - DEWEY DECIMAL CLASSIFICATION NUMBER
Classification number 028.5
100 ## - MAIN ENTRY--PERSONAL NAME
Personal name McCarty, Peter
245 ## - TITLE STATEMENT
Title Jeremy draws a monster /
Statement of responsibility, etc. Peter McCarty
250 ## - EDITION STATEMENT
Edition statement This edition first published in 2010
260 ## - PUBLICATION, DISTRIBUTION, ETC.
Place of publication, distribution, etc. New York :
Name of publisher, distributor, etc. Scholastic,
Date of publication, distribution, etc. 2009
300 ## - PHYSICAL DESCRIPTION
Extent 32 unumbered pages :
Other physical details color illustrations ;
Dimensions 23 cm
505 ## - FORMATTED CONTENTS NOTE
Formatted contents note G<br/>
520 ## - SUMMARY, ETC.
Summary, etc. A young boy who spends most of his time alone in his bedroom makes new friends after the monster in his drawing becomes a monstrous nuisance.<br/>
521 8# - TARGET AUDIENCE NOTE
Target audience note 370<br/>
Source Lexile<br/>
521 8# - TARGET AUDIENCE NOTE
Target audience note G<br/>
Source Raz-Plus<br/>
650 ## - SUBJECT ADDED ENTRY--TOPICAL TERM
Source of heading or term Imagination
Topical term or geographic name entry element Creativity
650 ## - SUBJECT ADDED ENTRY--TOPICAL TERM
Source of heading or term Monster
Topical term or geographic name entry element Storytime
942 ## - ADDED ENTRY ELEMENTS (KOHA)
Source of classification or shelving scheme Dewey Decimal Classification
Koha item type Books
Suppress in OPAC No
Holdings
Withdrawn status Lost status Source of classification or shelving scheme Damaged status Not for loan Collection Home library Current library Shelving location Date acquired Total Checkouts Full call number Barcode Date last seen Copy number Price effective from Koha item type
    Dewey Decimal Classification     Juvenile Fiction Footprints International School Library Network Toul Tom Poung Campus Footprints International School Library Network Toul Tom Poung Campus TTP Primary Green Bookshelves 09/05/2025   MCC 028.5 PZ7.M47841327 J FISTK02668 09/05/2025 1 09/05/2025 Books